American States Capital Cities - Statistics

Estatísticas Gerais
  • Esse quiz foi jogado 39 vezes
  • A pontuação média é 15 de 50
Estatísticas das Respostas
State Capital % Correto
California Sacramento
67%
Georgia Atlanta
63%
Texas Austin
63%
Massachusetts Boston
58%
Colorado Denver
58%
Hawaii Honolulu
54%
Indiana Indianapolis
54%
Oklahoma Oklahoma City
50%
Mississippi Jackson
42%
Alaska Juneau
42%
Arizona Phoenix
42%
Utah Salt Lake City
42%
Ohio Columbus
38%
New Mexico Santa Fe
38%
New York Albany
33%
Louisiana Baton Rouge
33%
Iowa Des Moines
33%
Montana Helena
33%
Tennessee Nashville
33%
Minnesota Saint Paul
33%
Illinois Springfield
33%
Alabama Montgomery
29%
North Carolina Raleigh
29%
South Carolina Columbia
25%
Delaware Dover
25%
Michigan Lansing
25%
Nebraska Lincoln
25%
Arkansas Little Rock
25%
Washington Olympia
25%
Kansas Topeka
25%
Maine Augusta
21%
Nevada Carson City
21%
West Virginia Charleston
21%
Kentucky Frankfort
21%
Pennsylvania Harrisburg
21%
Connecticut Hartford
21%
Wisconsin Madison
21%
Vermont Montpelier
21%
South Dakota Pierre
21%
Rhode Island Providence
21%
Oregon Salem
21%
North Dakota Bismarck
17%
Wyoming Cheyenne
17%
New Hampshire Concord
17%
Florida Jacksonville
17%
Missouri Jefferson City
17%
Maryland Annapolis
13%
New Jersey Jersey City
13%
Virginia Richmond
13%
Idaho Boise City
4%
Nenhum quiz correspondente encontrado
Distribuição das Pontuações
Porcentagem de Pessoas com Cada Pontuação
Percentil de Números Respondidos
Sua Pontuação Histórica
Você não jogou esse quiz